00383nam a2200145Ia 4500008004100000082001500041100001300056245006500069250000800134260002500142300001100167500002400178650001600202700001900218230524s9999 xx 000 0 und d a519.4bJAI aM.K.Jain 0aNumerical Methods for Scientific and Engineering Computation a4TH aNEW DELHIbNAIc2003 aXI;829 aQuantity Number: 2 aMathematics a S.R.K.Iyenger